Sports Quiz

Random Sports or Basketball Quiz

NBA Team By Star Player Quiz Stats

Quiz not verified by Sporcle

Challenge
Share
Tweet
Embed
Score 0/30 Timer 02:00
0 Plays Today
% Correct
Boston Celtics
95.5%
Chicago Bulls
94%
New York Knicks
92.5%
Miami Heat
91%
Cleveland Cavaliers
89.6%
Dallas Mavericks
89.6%
Washington Wizards
88.1%
Indiana Pacers
86.6%
Philadelphia 76ers
85.1%
San Antonio Spurs
85.1%
Atlanta Hawks
82.1%
Toronto Raptors
77.6%
Houston Rockets
77.6%
New Orleans Hornets
74.6%
Memphis Grizzlies
73.1%
% Correct
Minnesota Timberwolves
71.6%
Oklahoma City Thunder
70.1%
Detroit Pistons
67.2%
Orlando Magic
67.2%
Denver Nuggets
67.2%
Portland Trailblazers
67.2%
Brooklyn Nets
65.7%
Milwaukee Bucks
64.2%
Charlotte Bobcats
59.7%
Golden State Warriors
58.2%
Los Angeles Lakers
58.2%
Los Angeles Clippers
56.7%
Utah Jazz
52.2%
Sacremento Kings
44.8%
Phoenix Suns
41.8%

You're not logged in!

Compare scores with friends on all Sporcle quizzes.
Sign Up with Email
OR
Log In

You Might Also Like...

Show Comments

Extras

Top Quizzes Today


Score Distribution

Your Account Isn't Verified!

In order to create a playlist on Sporcle, you need to verify the email address you used during registration. Go to your Sporcle Settings to finish the process.